000 00631nam a2200229 i 4500
001 C2-0113509
003 PPAK
005 20180727104250.0
008 970707s1992 io |||| ||||| | may d
040 _aPPAK
_beng
_cPPAK
_erda
082 0 4 _a899.2213
_223
090 0 0 _a899.2213
_bMAR
_dG
100 0 _aMarga T.,
_eauthor
245 1 0 _aRiak-riak kehidupan
264 1 _aJakarta, Indonesia :
_bPT Gramedia ,
_c1992
300 _a254 pages ;
_c18 cm
336 _2rdacontent
_atext
337 _2rdamedia
_aunmediated
338 _2rdacarrier
_avolume
650 1 0 _aMalay fiction - Translations into Indonesian
942 _ddc
_cB
999 _c28740
_d28740